000 01509nam a2200457 i 4500
001 52827
003 KOSZ 005
005 20220603102550.0
008 071024s2007 pl a f f |001 0 pol
015 _aUWD 2007/22806
020 _a9788320432619
035 _a991037416419705066
035 _a(PL-WaBN)b20034428-48omnis_nlop
035 _ab20034428
035 _a(OCoLC)749230869
035 _azz2007762916
035 _a(PL)b0000002003442
035 _a(EXLNZ-48OMNIS_NETWORK)9910351629605606
040 _aWA N
_cWA N
_dKOSZ 005/HR
080 _a519.1
080 _a(075.8)
100 1 _aPalka, Zbigniew.
_eAutor
245 1 0 _aWykłady z kombinatoryki :
_bprzeliczanie /
_cZbigniew Palka, Andrzej Ruciński.
250 _aWyd. 2 (dodr.).
260 _aWarszawa :
_bWydawnictwa Naukowo-Techniczne,
_c2007.
300 _a199, [1] s. :
_bil. ;
_c24 cm.
336 _aTekst
_btxt
_2rdacontent
337 _aBez urządzenia pośredniczącego
_bn
_2rdamedia
338 _aWolumin
_bnc
_2rdacarrier
380 _aKsiążki
388 _a2001-
504 _aBibliogr. s. 197. Indeks.
650 7 _aKombinatoryka
_2DBN
655 7 _aPodręczniki akademickie
_2DBN
658 _aMatematyka
700 1 _aRuciński, Andrzej
_d(1945- )
_eAutor
710 2 _aWydawnictwa Naukowo-Techniczne
_4pbl
856 _uhttp://koha.tu.koszalin.pl/cgi-bin/koha/opac-detail.pl?biblionumber=52827
_yKatalog online BPK
942 _2UKD
_cKS
999 _c52827
_d52827